<?xml version="1.0" encoding="UTF-8"?>
<record
    xmlns:xsi="http://www.w3.org/2001/XMLSchema-instance"
    xsi:schemaLocation="http://www.loc.gov/MARC21/slim http://www.loc.gov/standards/marcxml/schema/MARC21slim.xsd"
    xmlns="http://www.loc.gov/MARC21/slim">

  <leader>00862nam a2200229 a 4500</leader>
  <controlfield tag="001">40026</controlfield>
  <controlfield tag="003">BD-RjUL</controlfield>
  <controlfield tag="005">20211209053124.0</controlfield>
  <controlfield tag="008">160421s1928    ii ||||| |||| 00| 0 ben d</controlfield>
  <datafield tag="020" ind1=" " ind2=" ">
    <subfield code="c">: IRs 1.25 </subfield>
  </datafield>
  <datafield tag="035" ind1=" " ind2=" ">
    <subfield code="a">(BD-RjUL) 40141</subfield>
  </datafield>
  <datafield tag="040" ind1=" " ind2=" ">
    <subfield code="a">BD-RjUL</subfield>
    <subfield code="b">ben </subfield>
    <subfield code="c">BD-RjUL</subfield>
  </datafield>
  <datafield tag="041" ind1=" " ind2=" ">
    <subfield code="a">ben </subfield>
  </datafield>
  <datafield tag="082" ind1=" " ind2=" ">
    <subfield code="2">23 </subfield>
    <subfield code="a">891.443 </subfield>
    <subfield code="b">GUP 1928 </subfield>
  </datafield>
  <datafield tag="100" ind1=" " ind2=" ">
    <subfield code="a">&#x997;&#x9C1;&#x9B9;, &#x9B6;&#x9CD;&#x9B0;&#x9C0;&#x9A8;&#x9B2;&#x9BF;&#x9A8;&#x9C0;&#x995;&#x9BF;&#x9B6;&#x9CB;&#x9B0; </subfield>
    <subfield code="9">123282</subfield>
  </datafield>
  <datafield tag="245" ind1="1" ind2="0">
    <subfield code="a">&#x9AA;&#x9A5;  &#x993; &#x9AA;&#x9BE;&#x9A5;&#x9C7;&#x9AF;&#x9BC; /</subfield>
    <subfield code="c">&#x9B6;&#x9CD;&#x9B0;&#x9C0;&#x9A8;&#x9B2;&#x9BF;&#x9A8;&#x9C0;&#x995;&#x9BF;&#x9B6;&#x9CB;&#x9B0; &#x997;&#x9C1;&#x9B9;</subfield>
  </datafield>
  <datafield tag="260" ind1=" " ind2=" ">
    <subfield code="a">&#x995;&#x9B2;&#x9BF;&#x995;&#x9BE;&#x9A4;&#x9BE; :</subfield>
    <subfield code="b">&#x986;&#x9B0;&#x9CD;&#x9AF;&#x9CD;&#x9AF; &#x9AA;&#x9BE;&#x9AC;&#x9B2;&#x9BF;&#x9B6;&#x9BF;&#x982; &#x9B9;&#x9BE;&#x989;&#x9B8;, </subfield>
    <subfield code="c">&#x9E7;&#x9EF;&#x9E8;&#x9EE; </subfield>
  </datafield>
  <datafield tag="300" ind1=" " ind2=" ">
    <subfield code="a">&#x9E7;&#x9E6;&#x9E9; &#x9AA;&#x9C3;. ; </subfield>
    <subfield code="c">&#x9E7;&#x9ED; &#x9B8;&#x9C7;&#x9AE;&#x9BF;. </subfield>
  </datafield>
  <datafield tag="650" ind1=" " ind2=" ">
    <subfield code="a">&#x9AC;&#x9BE;&#x982;&#x9B2;&#x9BE; &#x9B8;&#x9BE;&#x9B9;&#x9BF;&#x9A4;&#x9CD;&#x9AF; </subfield>
    <subfield code="x">&#x99B;&#x9CB;&#x99F;&#x997;&#x9B2;&#x9CD;&#x9AA; </subfield>
    <subfield code="9">123283</subfield>
  </datafield>
  <datafield tag="650" ind1=" " ind2=" ">
    <subfield code="a">Bengali Literature </subfield>
    <subfield code="x">Short Story </subfield>
    <subfield code="9">123284</subfield>
  </datafield>
  <datafield tag="942" ind1=" " ind2=" ">
    <subfield code="2">ddc</subfield>
    <subfield code="c">BK</subfield>
  </datafield>
  <datafield tag="999" ind1=" " ind2=" ">
    <subfield code="c">40026</subfield>
    <subfield code="d">40026</subfield>
  </datafield>
  <datafield tag="952" ind1=" " ind2=" ">
    <subfield code="0">0</subfield>
    <subfield code="1">0</subfield>
    <subfield code="2">ddc</subfield>
    <subfield code="4">0</subfield>
    <subfield code="7">1</subfield>
    <subfield code="8">NFIC</subfield>
    <subfield code="a">RUCL</subfield>
    <subfield code="b">RUCL</subfield>
    <subfield code="c">Reading</subfield>
    <subfield code="d">1958-01-05</subfield>
    <subfield code="e">Kamala Book </subfield>
    <subfield code="g">1.50</subfield>
    <subfield code="l">0</subfield>
    <subfield code="o">B 891.443  GUP 1928</subfield>
    <subfield code="r">2016-04-21 00:00:00</subfield>
    <subfield code="t">C-1</subfield>
    <subfield code="w">2016-04-21</subfield>
    <subfield code="y">BK</subfield>
  </datafield>
</record>
